Statistics for Sultans of Swing - Dire Straits (All lyrics)

Click here to take the quiz!

General Stats

  • This quiz has been taken 306 times
    (301 since last reset)
  • The average score is 169 of 266

Answer Stats

Answer% Correct
a
99%
A
99%
the
99%
of
96%
an
91%
in
91%
he
89%
He
89%
sultans
87%
it
86%
It
86%
swing
86%
You
86%
you
86%
and
85%
And
85%
to
84%
We
82%
get
80%
dark
78%
shiver
78%
go
77%
is
77%
it's
77%
play
77%
are
75%
park
75%
guitar
73%
all
72%
time
72%
meantime
71%
on
71%
rain
71%
They
70%
they
70%
when
70%
When
70%
band
69%
but
68%
hear
67%
Then
66%
then
66%
alright
65%
any
65%
raining
65%
dixie
64%
don't
63%
south
63%
South
63%
can
62%
down
61%
man
61%
out
61%
make
59%
music
59%
playing
58%
doesn't
57%
everything
57%
like
57%
mind
57%
up
57%
blowin'
56%
if
56%
now
56%
ring
56%
town
56%
feel
55%
London
55%
see
55%
step
55%
doing
54%
Double
54%
stop
54%
hold
53%
knows
53%
chords
52%
Harry
52%
job
52%
night
52%
too
52%
George
51%
he's
51%
He's
51%
many
51%
thing
51%
afford
50%
daytime
50%
got
50%
that
50%
with
50%
With
50%
faces
49%
for
49%
four
49%
honky
49%
old
49%
river
49%
rock
49%
scene
49%
tonk
49%
anything
48%
blowing
48%
roll
48%
trumpet
47%
what
47%
creole
46%
call
45%
inside
45%
jazz
45%
sound
44%
home
43%
sing
43%
give
42%
his
42%
one
42%
about
41%
damn
41%
Friday
41%
way
41%
Check
40%
gets
40%
microphone
40%
ain't
39%
around
39%
right
39%
yeah
39%
competition
38%
corner
38%
places
38%
boys
37%
other
37%
bell
35%
Coming
35%
fooling
35%
more
35%
or
35%
want
35%
cry
34%
young
34%
lights
33%
crowd
32%
horns
32%
rhythm
31%
steps
31%
platform
30%
Saving
30%
they're
30%
under
30%
at
29%
Just
29%
makes
29%
as
27%
strictly
27%
Goodnight
26%
rings
26%
soles
26%
their
26%
Well
26%
fast
24%
baggies
22%
says
22%
best
21%
brown
21%
last
20%
dressed
17%
Drunk
16%
Yes
14%

Score Distribution

Percentile by Number Answered

Percent of People with Each Score

Your Score History

You have not taken this quiz since the last reset